Sabrina Carpenter - Toutes les chansons - Statistiques

Statistiques générales
  • Ce quiz a été pris 421 fois
    29 depuis la dernière actualisation
  • Le résultat moyen est 45 sur 115
Statistiques - réponses
Hint Réponse % Correct
Short n' Sweet 1 Taste
100%
Short n' Sweet 7 Espresso
96%
Man's Best Friend 2 Tears
92%
Short n' Sweet 10 Juno
88%
Man's Best Friend 1 Manchild
88%
emails i can't send 5 because i liked a boy
84%
Short n' Sweet 3 Good Grace
84%
Man's Best Friend 11 House Tour
84%
Short n' Sweet 2 Please Please Please
84%
Short n' Sweet Deluxe 14 Please Please Please (feat. Dolly Parton)
84%
Short n' Sweet Deluxe 13 15 Minutes
80%
Short n' Sweet 6 Bed Chem
80%
emails i can't send 1 emails i can't send
80%
emails i can't send fwd: 15 Feather
80%
Man's Best Friend 12 Goodbye
80%
Man's Best Friend 6 Nobody's Son
80%
Short n' Sweet Deluxe 16 Busy Woman
76%
emails i can't send 9 Nonsense
76%
Man's Best Friend 8 When Did You Get Hot?
76%
Short n' Sweet 12 Don't Smile
72%
Man's Best Friend 9 Go Go Juice
72%
Short n' Sweet 4 Sharpest Tool
72%
Man's Best Friend 4 Sugar Talking
72%
Man's Best Friend 3 My Man on Willpower
68%
Singular Act I 2 Paris
68%
emails i can't send 3 Read your Mind
64%
EVOLution 3 Thumbs
64%
Short n' Sweet Deluxe 17 Bad Reviews
60%
Short n' Sweet 5 Coincidence
60%
Short n' Sweet 8 Dumb & Poetic
60%
Man's Best Friend 5 We Almost Broke Up Again Last Night
60%
Short n' Sweet 11 Lie to Girls
56%
Short n' Sweet 9 Slim Pickins
56%
fruitcake 1 A Nonsense Christmas
52%
Collaborations 2026 Bring Your Love de Madonna
52%
Short n' Sweet Deluxe 15 Couldn't Make It Any Harder
52%
Eyes Wide Open 1 Eyes Wide Open
52%
Singular Act II 9 Looking At Me
52%
Man's Best Friend 7 Never Getting Laid
52%
Man's Best Friend Bonus Such a Funny Way
52%
Man's Best Friend 10 Don't Worry I'll Make You Worry
48%
emails i can't send fwd: 14 opposite
48%
Singles 2021 Skin
48%
emails i can't send 4 Tornado Warning
48%
fruitcake 4 cindy lou who
44%
emails i can't send 13 decode
44%
emails i can't send 10 Fast Times
44%
emails i can't send fwd: 16 Lonesome
44%
emails i can't send 12 Bad for Business
40%
emails i can't send 8 bet u wanna
40%
Singular Act I 4 Sue Me
40%
emails i can't send 2 Vicious
40%
Singular Act I 1 Almost Love
36%
fruitcake 2 buy me presents
36%
Eyes Wide Open 2 Can't Blame a Girl For Trying
36%
emails i can't send fwd: 17 things I wish you said
36%
emails i can't send 6 Already Over
32%
Singular Act I 6 Mona Lisa
32%
EVOLution 1 On Purpose
32%
Singles 2017 Why
32%
emails i can't send 7 how many things
28%
fruitcake 3 santa doesn't know you like i do
28%
emails i can't send 11 skinny dipping
28%
fruitcake 6 white xmas
28%
Singular Act I 7 Diamonds Are Forever
24%
Singular Act II 7 Exhale
24%
Singles 2020 Honeymoon Fades
24%
Singular Act II 1 In My Bed
24%
fruitcake 5 is it new years yet?
24%
EVOLution 6 Mirage
24%
Collaborations 2019 On My Way de Alan Walker & Farruko
24%
Singular Act I 5 prfct
24%
Singular Act II 2 Pushing 20
24%
EVOLution 5 Run and Hide
24%
Singles 2016 Smoke and Fire
24%
Collaborations 2020 WOW de Zara Larsson
24%
Singles 2018 Alien (feat. Jonas Blue)
20%
EVOLution 4 No Words
20%
Eyes Wide Open 4 We'll Be The Stars
20%
Collaborations 2023 Cupid - Twin Ver. de FIFTY FIFTY
16%
EVOLution 7 Don't Want It Back
16%
Short n' Sweet Bonus Needless to Say
16%
EVOLution 8 Shadows
16%
EVOLution 10 All We Have Is Love
12%
Singular Act I 3 Hold Tight
12%
Singular Act II 3 I Can't Stop Me
12%
Singular Act II 4 I'm Fakin
12%
Eyes Wide Open 8 Seamless
12%
EVOLution 9 Space
12%
Singular Act II 6 Tell Em
12%
Collaborations 2023 That's Not How This Works de Charlie Puth & Dan + Shay
12%
Eyes Wide Open 3 The Middle of Starting Over
12%
Eyes Wide Open 11 White Flag
12%
Collaborations 2024 You Need Me Now? de girl in red
12%
Eyes Wide Open 6 Your Love's Like
12%
Singles 2016 A Dream Is a Wish Your Heart Makes & So This Is Love
8%
Singular Act I 5 Bad Time
8%
Eyes Wide Open 12 Best Thing I Got
8%
Singles 2015 Christmas the Whole Year Round
8%
Collaborations 2020 Clouds de Fin Argus
8%
Eyes Wide Open 10 Darling I'm a Mess
8%
Collaborations 2017 First Love de Lost Kings
8%
Singles 2017 Have Yourself a Merry Little Christmas
8%
Collaborations 2012 I'll Be Home For Christmas de Ali Brustofski & Danielle Lowe
8%
Eyes Wide Open 9 Right Now
8%
Collaborations 2017 Sign Of the Times de Jasmine Thompson
8%
Singles 2014 Silver Nights
8%
Singular Act II 5 Take Off All Your Cool
8%
Collaborations 2014 Take On The World de Rowan Blanchard
8%
Singular Act II 8 Take You Back
8%
Eyes Wide Open 7 Too Young
8%
Eyes Wide Open 5 Two Young Hearts
8%
Singles 2020 Let Me Love You
4%
EVOLution 2 Seems Like Loneliness
4%
Collaborations 2016 Wildside avec Sofia Carson
4%
Aucun quiz correspondant
Distribution des résultats
% des personnes avec chaque résultat
Percentile par nombre de réponses
Votre historique - résultats
Vous n’avez pas pris ce quiz depuis la dernière actualisation